000 00420nam a2200181Ia 4500
001 1782
005 20260306143754.0
008 260306t2014||||xx |||||||||||||| ||spa||
041 _aESP
082 _a155.4
_bM26
100 _aMarcos Marín, Sandra
_eAUT
245 0 _aDesarrollo socioafectivo
260 _c2014
300 _a190 páginas :
_c26 cm.
650 _aGEN
654 _aCPS
942 _cLIB
_dJUS
_fJUS
_2ddc
_n
999 _c1782
_d1782